[Event "TUR Cup										"]
[Site "Antalya"]
[Date "2018.02.02"]
[Round "10"]
[White "Durak, Omer Faruk"]
[Black "Dogan, Oguzhan"]
[Result "1-0"]
[WhiteElo "1274"]
[BlackElo "1009"]
[PlyCount "110"]
[EventDate "2018.01.27"]
[EventType "swiss"]
[EventRounds "11"]
[EventCountry "TUR"]
[SourceTitle "CBM 182 Extra"]
[Source "ChessBase"]
[SourceDate "2018.02.23"]
[SourceVersion "1"]
[SourceVersionDate "2018.02.23"]
[SourceQuality "1"]

1. e4 e5 2. Nf3 Nc6 3. Bc4 h6 4. c3 Nf6 5. d3 Bc5 6. h3 d6 7. b4 Bb6 8. a4 a5 9. b5 Ne7 10. Be3 Bxe3 11. fxe3 0-0 12. Nbd2 Bd7 13. Bb3 c6 14. c4 c5 15. Nb1 b6 16. Nc3 Ra7 17. Nd5 Nfxd5 18. cxd5 Rc7 19. Bc4 Ng6 20. g4 Nh4 21. Kd2 Qf6 22. Nxh4 Qxh4 23. Qf3 Qg5 24. Rag1 Qe7 25. h4 f6 26. Qg3 Be8 27. h5 Qf7 28. Rh2 Kh7 29. Rf1 Qg8 30. Rhf2 Rff7 31. d4 cxd4 32. exd4 exd4 33. Qxd6 Rb7 34. Qf4 Rfc7 35. Kd3 Bf7 36. Rc1 Rc8 37. Qd6 Rbc7 38. Qxb6 Qf8 39. Qxd4 Qa3+ 40. Qc3 Qxa4 41. Ra2 Qb4 42. Qxb4 axb4 43. Rac2 Be8 44. Kd4 Bxb5 45. Bb3 Rxc2 46. Rxc2 Rxc2 47. Bxc2 Be2 48. e5+ Kg8 49. e6 Bxg4 50. Bg6 b3 51. Kc3 b2 52. Kxb2 Kf8 53. Kc3 f5 54. d6 Bf3 55. e7+ Kg8 1-0

[Event "Manavgat Turkey Cup"]
[Site "Manavgat"]
[Date "2016.01.31"]
[Round "3"]
[White "Demir, Halil Ibrahim"]
[Black "Durak, Omer Faruk"]
[Result "1-0"]
[WhiteElo "1557"]
[BlackElo "1392"]
[PlyCount "119"]
[EventDate "2016.01.30"]
[EventType "swiss"]
[EventRounds "11"]
[EventCountry "TUR"]
[SourceTitle "CBM 170 Extra"]
[Source "ChessBase"]
[SourceDate "2016.02.25"]
[SourceVersion "1"]
[SourceVersionDate "2016.02.25"]
[SourceQuality "1"]

1. d4 d5 2. e3 e6 3. Nf3 Nc6 4. Bd3 Nf6 5. 0-0 Bd6 6. a3 0-0 7. c3 a6 8. Qc2 e5 9. dxe5 Nxe5 10. Nxe5 Bxe5 11. Nd2 Ng4 12. Nf3 Bd6 13. Bxh7+ Kh8 14. Bf5 Qf6 15. e4 Bxf5 16. exf5 Qe7 17. h3 Ne5 18. Ng5 f6 19. Ne6 Rfc8 20. Qe2 Kg8 21. f4 Nf7 22. Rf3 Nd8 23. Rg3 Nxe6 24. fxe6 Re8 25. Qg4 f5 26. Qg6 Rf8 27. Be3 c5 28. b4 b6 29. bxc5 bxc5 30. Qh6 Rf6 31. Rg6 Re8 32. Qg5 Rxg6 33. Qxg6 Qxe6 34. Qxe6+ Rxe6 35. Kf2 Re4 36. Kf3 Ra4 37. Rd1 Rxa3 38. Rxd5 Be7 39. Bd2 Rb3 40. Rxf5 a5 41. Re5 Bf8 42. Re8 a4 43. Ra8 Ra3 44. Ke4 Ra1 45. Kd3 a3 46. Kc4 Ra2 47. Be3 Kf7 48. Bxc5 Bxc5 49. Kxc5 Rxg2 50. Rxa3 Rf2 51. c4 Rxf4 52. Rg3 Rf5+ 53. Kb6 g5 54. c5 Ke7 55. c6 Kd8 56. Re3 Rf7 57. Re5 Rg7 58. Ra5 Rg6 59. Kb7 Rg7+ 60. Kb8 1-0